ბათუმის შოთა რუსთაველის სახელმწიფო უნივერსიტეტის ბიბლიოთეკა

Greece and Rome at war / (ბიბ.ჩანაწერი № 60515)

000 -LEADER
fixed length control field 00496nam a22001697a 4500
005 - DATE AND TIME OF LATEST TRANSACTION
control field 20230810132357.0
008 - FIXED-LENGTH DATA ELEMENTS--GENERAL INFORMATION
fixed length control field 230810s1981 enk||||| |||| 00| 0 eng d
020 ## - INTERNATIONAL STANDARD BOOK NUMBER
International Standard Book Number 035606798X
041 ## - LANGUAGE CODE
Language code of text/sound track or separate title eng
080 ## - UNIVERSAL DECIMAL CLASSIFICATION NUMBER
Universal Decimal Classification number 355+94 C-74
100 ## - MAIN ENTRY--PERSONAL NAME
Personal name Connolly, Peter
9 (RLIN) 19655
245 ## - TITLE STATEMENT
Title Greece and Rome at war /
Statement of responsibility, etc. Peter Connolly.
264 ## - PRODUCTION, PUBLICATION, DISTRIBUTION, MANUFACTURE, AND COPYRIGHT NOTICE
Place of production, publication, distribution, manufacture London :
Name of producer, publisher, distributor, manufacturer Macdonald,
Date of production, publication, distribution, manufacture, or copyright notice 1981.
300 ## - PHYSICAL DESCRIPTION
Extent 320 p.
Other physical details ill.;
Dimensions 30 cm.
653 ## - INDEX TERM--UNCONTROLLED
keyword საბერძნეთი და რომი ომში
942 ## - ADDED ENTRY ELEMENTS (KOHA)
Source of classification or shelving scheme
Koha item type წიგნი
ეგზემპლარები
Withdrawn status Lost status Source of classification or shelving scheme Damaged status Not for loan Permanent Location Current Location Shelving location Date acquired Cost, normal purchase price Full call number Barcode Date last seen Copy number Uniform Resource Identifier Price effective from Koha item type Public note
          ბათუმის შოთა რუსთაველის სახელმწიფო უნივერსიტეტის მთავარი ბიბლიოთეკა ბათუმის შოთა რუსთაველის სახელმწიფო უნივერსიტეტის მთავარი ბიბლიოთეკა წიგნსაცავი 2023-08-10 20.00 355+94 C-74 65160 2023-08-10 65160 ბსუ-ს საპატიო დოქტორის გურამ ლორთქიფანიძის საჩუქარი 2023-08-10 წიგნი 20 ლ.